Ski Alpin - Gesamtweltcupsieger - Statistiken

Allgemein
  • Dieses Quiz wurde 137 mal gespielt
  • Das Durchschnittsergebnis liegt bei 7 aus 21
Answers on the Grid
Answers color-coded by a green-red scale on the quiz's grid according to % correct below.
Marcel Hirscher
Dominik Paris
Alexis Pinturault
Marco Odermatt
Bernhard Russi
Aleksander Aamodt Kilde
Ivica Kostelic
Ted Ligety
Carlo Janka
Vincent Kriechmayr
Aksel Lund Svindal
Bode Miller
Franz Klammer
Benjamin Raich
Herman Maier
Stephan Eberharter
Felix Neureuther
Alberto Tomba
Lasse Kjus
Kjetil Jansrud
Luc Alphand
Kjetil Andre Aamodt
Karl Schranz
Thomas Sykora
Ingemar Stenmark
Matthias Mayer
Gustav Thöni
Pirmin Zurbriggen
Marc Girardelli
Peter Fill
Jean-Claude Killy
Didier Cuche
 
Antwortstatistiken
Antwort % Korrekt
Marcel Hirscher
93%
Marco Odermatt
65%
Herman Maier
52%
Alexis Pinturault
43%
Aksel Lund Svindal
38%
Benjamin Raich
33%
Carlo Janka
33%
Aleksander Aamodt Kilde
32%
Bode Miller
32%
Ingemar Stenmark
30%
Pirmin Zurbriggen
30%
Ivica Kostelic
28%
Marc Girardelli
25%
Stephan Eberharter
23%
Alberto Tomba
22%
Kjetil Andre Aamodt
22%
Jean-Claude Killy
13%
Gustav Thöni
12%
Luc Alphand
12%
Karl Schranz
10%
Lasse Kjus
10%
Keine übereinstimmenden Quizze gefunden
Verteilung der Resultate
Anzahl Personen mit jedem Resultat
Perzentil nach korrekt beantworteten Fragen
Ihre Resultats-Entwicklung
Sie haben dieses Quiz noch nicht gespielt